| 000 | 00000nam 2200000zi 4500 |
| 001 | 9.931042 |
| 003 | CaOODSP |
| 005 | 20240116131849 |
| 006 | m o d f |
| 007 | cr |n||||||||| |
| 008 | 231130s2023 oncao ob f000 0 eng d |
| 040 | |aCaOODSP|beng|erda|cCaOODSP |
| 043 | |an-cn--- |
| 086 | 1 |aIu86-61/2023E-PDF |
| 245 | 02|aA regenerative approach to tourism in Canada : |ban offering of why and how tourism can more fully support people, place and prosperity - with case stories, principles, and indicators of progress. |
| 264 | 1|a[Ottawa] : |bDestination Canada, |c[2023] |
| 300 | |a1 online resource (44 pages) : |billustrations, photographs |
| 336 | |atext|btxt|2rdacontent |
| 337 | |acomputer|bc|2rdamedia |
| 338 | |aonline resource|bcr|2rdacarrier |
| 500 | |aIssued also in French under title: Une approche régénératrice pour le tourisme au Canada : une réflexion sur comment le tourisme peut soutenir les gens, les communautés et la prospérité, avec études de cas, principes et indicateurs de progrès. |
| 504 | |aIncludes bibliographical references (page 44). |
| 650 | 0|aTourism|xSocial aspects|zCanada. |
| 650 | 0|aTourism|zCanada. |
| 710 | 2 |aDestination Canada, |eissuing body. |
| 775 | 08|tUne approche régénératrice pour le tourisme au Canada : |w(CaOODSP)9.931375 |
| 856 | 40|qPDF|s7.37 MB|uhttps://publications.gc.ca/collections/collection_2023/dc/Iu86-61-2023-eng.pdf |